Statistics for Kpop Song by English Lyrics

Click here to take the quiz!

General Stats

  • This quiz has been taken 1,586 times
  • The average score is 8 of 28

Answer Stats

English LyricsSong% Correct
Every day / Every night / Feel like a fool / You gotta knowIf You Do
68%
Eeeeeeeh sexy ladyGangnam Style
59%
I need your love before I fall, fallSave Me
56%
Hey, where'd you get that body from?Daddy
54%
Dance / I wanna dan dan dan dan danceFantastic Baby
53%
Ayo! Stop! Let me put it down another wayI Got a Boy
49%
Yes I'm a bad boy so I like bad girlWar of Hormone
48%
Careless, careless / Shoot anonymous, anonymousMAMA
41%
Oh vanilla chocolate honey with a cherry on topIce Cream Cake
36%
Oh, she wants me / Oh, she's got me / Oh, she hurts meOverdose
36%
I just wanna fall in love!Like OOH-AHH
34%
Just close your lips, shut your tongueMamacita
30%
Be a man / A real man / Gotta see you love me like a real manCheer Up
29%
My name is T to the A to the E (to the) / Y to the A-N-GRinga Linga
28%
It's not working, so stop fronting / I know you want me, let's start talkingA
27%
My life is a beautyI
25%
We gon get it pop it / We gon we gon get it pop itRhythm Ta
20%
Because you naughty, naughtyMr. Simple
19%
Yes I'm a player and you could be my coach (love affair)Good Boy
18%
Now you gotta do what you gotta doCome Back Home
8%
This is for all the independent ladies / Let's go!I Don't Need a Man
8%
We bobbin' to the music, music / This song is groovy, groovyNillili Mambo
8%
Yes, I'm a pretty boyCrayon
6%
Baby don't leave me / I know you still love meBad Boy
5%
It ain't over till it's overGotta Be You
5%
You work and walk and spit words like a bossMy Type
5%
I don't know you / Who you are / I don't even know / Your name / I don't know what / You sayHush
1%
What can I do for you / Uh?Very Good
1%

Score Distribution

Percentile by Number Answered

Percent of People with Each Score

Your Score History

You have not taken this quiz